| 000 | 01097nam a2200289Ia 4500 | ||
|---|---|---|---|
| 001 | ebr2001758 | ||
| 003 | CaPaEBR | ||
| 006 | m u | ||
| 007 | cr cn||||||||| | ||
| 008 | 030215s2001 enk s 000 1 eng d | ||
| 020 | _z190184336x | ||
| 040 |
_aCaPaEBR _cCaPaEBR |
||
| 035 | _a(OCoLC)70754170 | ||
| 050 | 1 | 4 |
_aPR6005.O4 _bC4 2001eb |
| 100 | 1 |
_aConrad, Joseph, _d1857-1924. |
|
| 245 | 1 | 0 |
_aChance _h[electronic resource] : _ba tale in two parts / _cJoseph Conrad. |
| 260 |
_aLondon : _bElectric Book Co., _cc2001. |
||
| 300 | _a401 p. | ||
| 533 |
_aElectronic reproduction. _bPalo Alto, Calif. : _cebrary, _d2005. _nAvailable via World Wide Web. _nAccess may be limited to ebrary affiliated libraries. |
||
| 600 | 1 | 0 |
_aConrad, Joseph, _d1857-1924. |
| 650 | 0 |
_aOcean travel _vFiction. |
|
| 650 | 0 |
_aVoyages and travels _vFiction. |
|
| 650 | 0 |
_aEnglish literature _y19th century. |
|
| 655 | 7 |
_aElectronic books. _2local |
|
| 710 | 2 | _aebrary, Inc. | |
| 856 | 4 | 0 |
_uhttp://site.ebrary.com/lib/rucke/Doc?id=2001758 _zAn electronic book accessible through the World Wide Web; click to view |
| 999 |
_c230236 _d230236 |
||